[Event "FRA-ch U18 Girls"]
[Site "Belfort"]
[Date "2017.04.21"]
[Round "7.1"]
[White "Retailleau, Elise"]
[Black "Bruneau, Maylis"]
[Result "1-0"]
[WhiteElo "1946"]
[BlackElo "1794"]
[PlyCount "33"]
[EventDate "2017.04.16"]
[EventType "swiss"]
[EventRounds "9"]
[EventCountry "FRA"]
[SourceTitle "EXT 2019"]
[Source "ChessBase"]
[SourceDate "2018.10.10"]
[SourceVersion "1"]
[SourceVersionDate "2018.10.10"]
[SourceQuality "1"]

1. e4 c5 2. Nc3 Nc6 3. Bb5 g6 4. Bxc6 dxc6 5. d3 Bg7 6. Be3 b6 7. Qd2 Nf6 8. h3 0-0 9. f4 Qc7 10. Nf3 Ba6 11. 0-0 Rad8 12. f5 e5 13. Qf2 Qe7 14. b3 Bc8 15. Qh4 gxf5 16. Bh6 Rd6 17. Qg5 1-0

[Event "FRA-ch U18 Girls"]
[Site "Belfort"]
[Date "2017.04.18"]
[Round "4.3"]
[White "Bruneau, Maylis"]
[Black "Bellahcene, Anissa"]
[Result "0-1"]
[WhiteElo "1794"]
[BlackElo "1806"]
[PlyCount "60"]
[EventDate "2017.04.16"]
[EventType "swiss"]
[EventRounds "9"]
[EventCountry "FRA"]
[SourceTitle "EXT 2019"]
[Source "ChessBase"]
[SourceDate "2018.10.10"]
[SourceVersion "1"]
[SourceVersionDate "2018.10.10"]
[SourceQuality "1"]

1. d4 f5 2. Nf3 e6 3. Bf4 d5 4. e3 c6 5. Nbd2 Nf6 6. c4 Be7 7. h3 Nbd7 8. Bd3 0-0 9. Ng5 Nb8 10. c5 Ne4 11. Ngxe4 fxe4 12. Be2 b6 13. b4 Nd7 14. 0-0 Bh4 15. Nb3 Qf6 16. g3 Bg5 17. Kh2 e5 18. dxe5 Nxe5 19. Nd4 Bd7 20. Qc1 Bxf4 21. gxf4 Ng6 22. f5 Bxf5 23. Nxf5 Qxf5 24. cxb6 Qe5+ 25. Kh1 Rf6 26. b7 Rb8 27. b5 Rxb7 28. bxc6 Rc7 29. Bb5 Rf3 30. Kg2 Nh4+ 0-1

[Event "Pau op"]
[Site "Pau"]
[Date "2009.02.26"]
[Round "6"]
[White "Kini, Jonah"]
[Black "Bruneau, Maylis"]
[Result "1-0"]
[WhiteElo "1009"]
[BlackElo "1310"]
[PlyCount "45"]
[EventDate "2009.02.24"]
[EventType "swiss"]
[EventRounds "9"]
[EventCountry "FRA"]
[SourceTitle "CBM 129 Extra"]
[Source "ChessBase"]
[SourceDate "2009.05.05"]
[SourceVersion "2"]
[SourceVersionDate "2009.05.20"]
[SourceQuality "1"]

1. e4 e5 2. Bc4 Nf6 3. Nc3 Bc5 4. Nf3 d6 5. Ng5 0-0 6. 0-0 Bg4 7. Be2 Nc6 8. Bxg4 Nxg4 9. Qxg4 Qf6 10. Nd5 Qd8 11. d3 Nd4 12. Qh3 h6 13. Nf3 Nxc2 14. Bxh6 Nxa1 15. Qg3 g6 16. Rxa1 Re8 17. Ng5 c6 18. Nxf7 Kxf7 19. Qf3+ Kg8 20. Nf6+ Kh8 21. Bg5 Rf8 22. Qh3+ Kg7 23. Qh7# 1-0